| 000 | 01941cam a22004454i 4500 | ||
|---|---|---|---|
| 003 | PE-LiUPU | ||
| 005 | 20250731165429.0 | ||
| 008 | 160215s1994 pe a grm 000 0 spa d | ||
| 035 | _a(Sirsi) a156138 | ||
| 040 |
_aPE-LiUPU _bspa _cPE-LiUPU _erda |
||
| 099 |
_aTE 2 _bG79 1994 |
||
| 100 | 1 |
_aGrandes Quevedo, Germania _eautor |
|
| 245 | 1 |
_aBiología y crianza de Leptomastidea abnormis en el laboratorio para el control biológico / _cGermania Grandes Quevedo. |
|
| 264 | 0 | _c1994. | |
| 300 |
_a96 hojas _c30 cm |
||
| 336 |
_atext _2rdacontent |
||
| 337 |
_aunmediated _2rdamedia |
||
| 338 |
_avolume _2rdacarrier |
||
| 502 |
_aTesis _b(Lic.) -- _cUniversidad Peruana Unión, _d1994. |
||
| 504 | _aIncluye referencias | ||
| 520 | 3 | _aEl motivo para efectuar el siguiente estudio dentro del campo de las ciencias biológicas, es fundamentalmente explorar nuevos campos dentro de la Biología aplicada. El problema de las plagas que atacan a las plantas en general es por si un serio problema a nivel mundial, pero las personas solo tienen algún conocimiento de los insectos plaga que atacan a las plantas domesticas, porque las incidencias de los daños que ocasionan los insectos se traduce en una disminución del rendimiento, una baja en la calidad de los productos o por la apariencia externa de los mismos que en suma podemos denominar perdida económica para los agricultores. | |
| 526 | _aSEG44 | ||
| 526 | _aSEG26 | ||
| 526 | _aP151 | ||
| 526 | _aP150 | ||
| 526 | _aP149 | ||
| 526 | _aP146 | ||
| 526 | _aP145 | ||
| 526 | _aP126 | ||
| 526 | _aP125 | ||
| 526 | _aP92 | ||
| 526 | _aP75 | ||
| 526 | _aP74 | ||
| 526 | _aP27 | ||
| 526 | _aP15 | ||
| 650 | 0 | 4 |
_aLeptomastidea abnormis (Avispa) _xBiología. |
| 596 | _a1 | ||
| 942 |
_2ddc _cTESIS |
||
| 999 |
_aTE 2 G79 1994 _wALPHANUM _c8820 _iT00148 _lCCODEBUL3 _mBUL _r1 _sY _tTESIS _u2016-2-15 _xEDUCACION _o.STAFF. Tesis _d8820 |
||
| 980 |
_81 _gALBERTO SANCHEZ Responsable de Automatización |
||